| 000 | 01109cam a22003617a 4500 | ||
|---|---|---|---|
| 003 | CHAP | ||
| 005 | 20220817043544.0 | ||
| 008 | 990621d1998 it rn 00110 eng d | ||
| 010 | _a78359 | ||
| 011 | _a79331 | ||
| 020 | _a9251042373 | ||
| 035 | _a89547 | ||
| 040 | _cCHAP | ||
| 082 | 0 | 4 |
_a338.9 _bF3 v.143 |
| 110 | 2 | _aFAO | |
| 245 | 1 | 0 |
_aGrowth, trade and agriculture : _ban investigative survey _c/by Pasquale L. Scandizzo |
| 260 |
_aRome : _bFAO, _c1998. |
||
| 300 | _a91 p. | ||
| 410 | 2 | _aFAO | |
| 490 | 0 |
_aDesarrollo económico y social _v; 143 |
|
| 590 |
_aBATCH-UPD _b10 _c20130110 _lUCH01 _h0713 |
||
| 590 |
_aBATCH-UPD _b10 _c20130410 _lUCH01 _h0358 |
||
| 590 |
_aBATCH-UPD _b10 _c20130914 _lUCH01 _h1345 |
||
| 590 |
_aCONVERSION _b10 _c20130109 _lUCH01 _h1343 |
||
| 650 | 1 | 4 |
_aAgricultura _xAspectos económicos. |
| 700 | 0 |
_aScandizzo, Pasquale L. _9102853 |
|
| 810 | 0 | _aFAO | |
| 830 | 0 | 0 |
_aDesarrollo económico y social _v; 143 _932058 |
| 901 | _aBK | ||
| 905 | _aLilia Sánchez G. | ||
| 942 | _cLIBRO | ||
| 949 |
_a338.9 F3 v.143 _bBC _cFAO _d33724000727079 _eFAO1 _h95841 _i89547 _kDonaciØn _sb |
||
| 999 |
_c78359 _d78359 |
||